000 00866nas a2200277 4500
001 BR8903331
003 BR-BrBNA
005 20231205091624.0
007 ta
008 230509b bl.|||p| |||| 00| 00por d
040 _aBR-BrBNA
_bpor
_cBiblioteca Nacional de Agricultura
041 _a(Pt)
072 _aF30; H50
100 1 _aMagnavaca, R.
100 1 _aGama, E.E.G. e
100 1 _aBahia Filho, A.F.C.
100 1 _aFernandes, F.T.
245 1 _aObtencao de hibridos duplos de milho para tolerancia a toxidez de aluminio
246 1 _aDouble-cross hybrid selection for aluminum tolerance
650 _aMILHO
650 _aHIBRIDO
650 _aFITOTOXICIDADE
773 0 _tPesquisa Agropecuaria Brasileira (Brazil)
_xISSN 0100-204X
_g(Sep 1988), v. 23(9) p. 971-977
_wBR8903331
909 _a202311
_bLúcia
_c55
_dLúcia Elande
942 _2AGRIS
_n0
_cANA
999 _c126244
_d126244